| 000 | 01881nam a2200229Ia 4500 | ||
|---|---|---|---|
| 003 | Ost | ||
| 005 | 20260507075606.0 | ||
| 008 | 260507s9999||||xx |||||||||||||| ||und|| | ||
| 020 | _a9789777332262 | ||
| 040 | _cfsecg | ||
| 041 | _aara | ||
| 082 | _a332.4044 | ||
| 100 |
_aمحمد علي، أحمد شعبان _eمؤلف |
||
| 245 | 0 |
_aالتجديد والإبتكار المالي : _bمدخل لتحقيق التنمية الاقتصادية من خلال الصكوك الإسلامية (مفهوم الإبتكار-عوامل ظهوره-عوامل نجاحه وآليات تحقيقه-حاجة البلدان النامية لعملية التنمية الاقتصادية) (مفهوم الصكوك-أنواعها-آليات التعامل بها-الرقابة عليها-المخاطر وعلاجها-دورها التنموي-سبل تطبيقها) / _c أحمد شعبان محمد علي |
|
| 260 |
_aالإسكندرية : _bدار التعليم الجامعي, _c2019 |
||
| 300 |
_a277 صفحة؛ _bإيضاحات ؛ _c24 سم |
||
| 504 | _aببليوغرافيا ص.267 | ||
| 520 | _aتناول هذا الكتاب موضوع التجديد والإبتكار المالي كمدخل لتحقيق التنمية الاقتصادية من خلال الصكوك الإسلامية من ناحية مفهوم الإبتكار-عوامل ظهوره-عوامل نجاحه وآليات تحقيقه-حاجة البلدان النامية لعملية التنمية الاقتصادية ودور الأسواق المالية، كما تحدث عن الصكوك من ناحية المفهوم والأنواع-آليات التعامل بها-الرقابة عليها-المخاطر وعلاجها-دورها التنموي-سبل تطبيقها. | ||
| 653 | _aالإبتكار المالي | ||
| 653 | _aالتنمية الاقتصادية | ||
| 942 | _cكتاب | ||
| 999 |
_c45046 _d45046 |
||